Aus Liebe geboren-

Bibliographic Details
Main Author: Kiššová, Romana (Author)
Format: Book
Language:German
Slovak
PhysicalDescription:141 strán ilustrácie 22 x 30 cm
Published: [Derežice] SlovaKiss s.r.o. 2023
ISBN:9788097365578
Subjects:

MARC

LEADER 00000nam a2200000 4500
001 vtls012251828
003 SK-MaSNL
005 20260301105711.0
008 240304s2023 xo a g 000 0 ger
015 |a SNBA2024/03 
020 |a 9788097365578  |q (hrebeňová väzba) 
040 |a SNK  |b slo  |c SNK  |e rda 
041 1 |a ger  |h slo 
044 |a xo  |c SK 
072 7 |a 159.92  |x Vývinová psychológia. Psychológia osobnosti  |2 konspekt 
080 |a 316.346.32-053.2  |2 2011 
080 |a 159.922.73  |2 2011 
080 |a 159.922.72  |2 2011 
080 |a (059.3)  |2 2011 
080 |a (084.026.6)  |2 2011 
080 |a 612.65  |2 2011 
100 1 |a Kiššová, Romana  |4 aut  |4 bkd  |9 372633 
240 1 0 |a Z lásky sa zrodilo-  |l Slovensky 
245 1 0 |a Aus Liebe geboren-  |c Autorin: Roumy Kiss 
264 1 |a [Derežice]  |b SlovaKiss s.r.o.  |c 2023 
300 |a 141 strán  |b ilustrácie  |c 22 x 30 cm 
336 |a text  |b txt  |2 rdacontent 
336 |a statický obraz  |b sti  |2 rdacontent 
337 |a bez média  |b n  |2 rdamedia 
338 |a zväzok  |b nc  |2 rdacarrier 
500 |a Názov z obálky 
500 |a Miesto vydania podľa NA ISBN 
500 |a Preložené zo slovenčiny 
650 0 7 |a vývoj dieťaťa  |2 SNKPH  |9 67528 
650 0 7 |a deti  |2 SNKPH  |9 773 
650 0 7 |a detstvo  |2 SNKPH  |9 3828 
650 0 7 |a Children  |2 SNKPHeng  |9 274282 
650 0 7 |a Childhood  |2 SNKPHeng  |9 310957 
650 0 7 |a Child development  |2 SNKPHeng  |9 312623 
655 7 |a albumy  |2 SNKPH  |9 51421 
655 7 |a Albums  |2 SNKPHeng  |9 281277 
655 7 |a Notebooks  |2 SNKPHeng  |9 332600 
655 7 |a zápisníky  |2 SNKPH  |9 90342 
852 |a Slovenská národná knižnica 
919 |a 978-80-973655-7-8 
954 |a iná literatúra (príručky, kuchárske knihy, hobby literatúra, sprievodcovia) pôvodná (slovenská)  |2 lita 
968 |b SLO 
999 |c 701513  |d 703443 
952 |a SNK  |b SNK  |y PREZ  |7 0  |p 17A1542253  |o snkOSC 30258  |i snk2024/3645  |8 0  |0 0  |1 0  |4 0  |d 2024-03-04  |l 0  |r 2026-02-23 21:00:25  |w 2026-02-23 
952 |a SNK  |b SNK  |y VYP  |7 0  |p 17A1542254  |o snkOSC 30258 D1  |i snk2024/3647  |8 0  |0 0  |1 0  |4 0  |d 2024-03-04  |l 0  |r 2026-02-23 21:00:25  |w 2026-02-23